000 00631nam a2200217 i 4500
001 16090
003 ES-MaACL
005 20250812062558.0
007 t|
008 000622s1999 sp ||||1| spa d
020 _a84-7844-445-9
080 _a7(04)
100 1 _aTàpies, Antoni.
_9109252
245 1 3 _aEl arte y sus lugares /
_cAntoni Tàpies ; traducción del catalán Armando Pego Puigbó.
260 _aMadrid :
_bSiruela,
_c[1999]
300 _a447 p. :
_bil. ;
_c27 cm.
650 1 7 _aArte
_2embne
_910068
700 1 _aPego Puigbó, Armando.
_989967
852 _aES-MaACL
_jL-23247
_bR.128430
999 _c16090
_d16090